Độngj Hoa Vàngs
Đã lưu trong:
| Hovedforfatter: | |
|---|---|
| Format: | Bog |
| Udgivet: |
Hà Nội
Văn nghệ
2006
|
| Udgivelse: | tái bản lần thứ 1 |
| Fag: | |
| Tags: |
Tilføj Tag
Ingen Tags, Vær først til at tagge denne postø!
|
| Thư viện lưu trữ: | Trung tâm Học liệu Lê Vũ Hùng, Trường Đại học Đồng Tháp |
|---|
| LEADER | 00863pam a22002658a 4500 | ||
|---|---|---|---|
| 001 | 00042445 | ||
| 005 | 20190315150346.0 | ||
| 008 | 120515s2007 ||||||Viesd | ||
| 020 | # | # | |c 14000 |
| 041 | 0 | # | |a Vie |
| 082 | 1 | 4 | |a 895.922 14 |b Đ455H |
| 100 | 1 | # | |a Phạm, Thiên Thư |
| 245 | 1 | 0 | |a Độngj Hoa Vàngs |c Phạm Thiên Thư |
| 250 | # | # | |a tái bản lần thứ 1 |
| 260 | # | # | |b Văn nghệ |c 2006 |a Hà Nội |
| 300 | # | # | |a 117 tr. |c 21 cm. |
| 500 | # | # | |a ĐTTS ghi: Hội đồng lý luận, phê bình văn học, nghệ thuật trung ương |
| 653 | # | # | |a Phê bình |
| 653 | # | # | |a Thơ |
| 653 | # | # | |a Việt Nam |
| 653 | # | # | |a Văn học |
| 653 | # | # | |a Văn học hienj đại |
| 852 | # | # | |j KD.0024173 |
| 910 | # | # | |d 28/09/2018 |
| 980 | # | # | |a Trung tâm Học liệu Lê Vũ Hùng, Trường Đại học Đồng Tháp |